000 00557nam a2200229Ia 4500
003 OSt
005 20221005122321.0
006 a|||||r|||| 00| 0
007 ta
008 221004b |||||||| |||| 00| 0 eng d
024 _a56856
037 _cTextual
040 _aCRL
_cCRL
_beng
041 _2eng
_aeng
082 _aU:2315Jk, K2
245 0 _aJalgaon (District gazetteer).
260 _c1962
490 _aMaharashtra state gazetteers
650 _aGEOGRAPHY
942 _hU:2315Jk, K2
_cTEXL
_2cc
999 _c1043918
_d1043918